<?xml version="1.0" encoding="UTF-8"?>
<record
    xmlns:xsi="http://www.w3.org/2001/XMLSchema-instance"
    xsi:schemaLocation="http://www.loc.gov/MARC21/slim http://www.loc.gov/standards/marcxml/schema/MARC21slim.xsd"
    xmlns="http://www.loc.gov/MARC21/slim">

  <leader>03087cam a22002534a 4500</leader>
  <controlfield tag="001">16175936</controlfield>
  <controlfield tag="005">20130516124739.0</controlfield>
  <controlfield tag="008">100407s2010    nyua     b    001 0 eng  </controlfield>
  <datafield tag="010" ind1=" " ind2=" ">
    <subfield code="a">  2010014780</subfield>
  </datafield>
  <datafield tag="020" ind1=" " ind2=" ">
    <subfield code="a">9780521897716 (hardback)</subfield>
  </datafield>
  <datafield tag="082" ind1="0" ind2="0">
    <subfield code="a">621.381</subfield>
    <subfield code="2">22</subfield>
    <subfield code="b">LUC</subfield>
  </datafield>
  <datafield tag="100" ind1="1" ind2=" ">
    <subfield code="a">Lucyszyn, S.</subfield>
    <subfield code="q">(Stepan)</subfield>
    <subfield code="9">33208</subfield>
  </datafield>
  <datafield tag="245" ind1="1" ind2="0">
    <subfield code="a">Advanced RF MEMS /</subfield>
    <subfield code="c">Stepan Lucyszyn.</subfield>
  </datafield>
  <datafield tag="260" ind1=" " ind2=" ">
    <subfield code="a">New York :</subfield>
    <subfield code="b">Cambridge University Press,</subfield>
    <subfield code="c">c2010.</subfield>
  </datafield>
  <datafield tag="300" ind1=" " ind2=" ">
    <subfield code="a">xxviii, 412 p.  :</subfield>
    <subfield code="b">ill. ;</subfield>
    <subfield code="c">26 cm.</subfield>
  </datafield>
  <datafield tag="490" ind1="0" ind2=" ">
    <subfield code="a">The Cambridge RF and microwave engineering series</subfield>
  </datafield>
  <datafield tag="504" ind1=" " ind2=" ">
    <subfield code="a">Includes bibliographical references and index.</subfield>
  </datafield>
  <datafield tag="505" ind1="8" ind2=" ">
    <subfield code="a">Machine generated contents note: 1. Introduction S. Lucyszyn; 2. Electromechanical modelling of electrostatic actuators D. Elata and V. Leus; 3. Switches and their fabrication technologies T. Lisec; 4. Niche switch technologies S. Lucyszyn, S. Pranonsatit, J. Y. Choi and A. Holmes; 5. Reliability I. De Wolf; 6. Dielectric charging G. Papaioannou; 7. Stress and thermal characterisation R. Y. Fillit and R. Fortunier; 8. High power handling F. Coccetti and R. Plana; 9. Packaging H. Tilmans, A. Jourdain and P. De Moor; 10. Impedance tuners and tuneable filters A. Pothier and T. Va;ha;-Heikkila;; 11. Phase shifters and tunable delay lines L. Dussopt; 12. Reconfigurable architectures T. Va;ha;-Heikkila;; 13. Industry roadmap for RF MEMS J. Bouchaud, R. Sorrentino, B. Knoblich, H. Tilmans and F. Coccetti.</subfield>
  </datafield>
  <datafield tag="520" ind1=" " ind2=" ">
    <subfield code="a">"An up-to-date guide to the theory and applications of RF MEMS. With detailed information about RF MEMS technology as well as its reliability and applications, this is a comprehensive resource for professionals, researchers, and students alike.  Reviews RF MEMS technologies -- Illustrates new techniques that solve long-standing problems associated with reliability and packaging  --Provides the information needed to incorporate RF MEMS into commercial products -- Describes current and future trends in RF MEMS, providing perspective on industry growth -- Ideal for those studying or working in RF and microwave circuits, systems, microfabrication and manufacturing, production management and metrology, and performance evaluation"--</subfield>
  </datafield>
  <datafield tag="520" ind1=" " ind2=" ">
    <subfield code="a">"Advanced RF MEMS is an up-to-date guide to the theory and applications of RF MEMS. With detailed information about RF MEMS technology as well as its reliability and applications, this is a comprehensive resource for professionals, researchers, and students alike. This book Reviews RF MEMS technologies; Illustrates new techniques that solve long-standing problems associated with reliability and packaging; provides the information needed to incorporate RF MEMS into commercial products; describes current and future trends in RF MEMS, providing perspective on industry growth; and is ideal for those studying or working in RF and microwave circuits, systems, microfabrication and manufacturing, production management and metrology, and performance evaluation"--</subfield>
  </datafield>
  <datafield tag="650" ind1=" " ind2="0">
    <subfield code="a">Radio frequency microelectromechanical systems.</subfield>
    <subfield code="9">33209</subfield>
  </datafield>
  <datafield tag="653" ind1=" " ind2=" ">
    <subfield code="b">Ele</subfield>
    <subfield code="c">May2013</subfield>
  </datafield>
  <datafield tag="942" ind1=" " ind2=" ">
    <subfield code="2">ddc</subfield>
    <subfield code="c">BB</subfield>
  </datafield>
  <datafield tag="999" ind1=" " ind2=" ">
    <subfield code="c">17471</subfield>
    <subfield code="d">17443</subfield>
  </datafield>
  <datafield tag="952" ind1=" " ind2=" ">
    <subfield code="0">0</subfield>
    <subfield code="1">0</subfield>
    <subfield code="2">ddc</subfield>
    <subfield code="4">0</subfield>
    <subfield code="7">0</subfield>
    <subfield code="8">Baccah</subfield>
    <subfield code="a">MAIN</subfield>
    <subfield code="b">MAIN</subfield>
    <subfield code="c">1ST</subfield>
    <subfield code="d">2013-05-16</subfield>
    <subfield code="e">purchase</subfield>
    <subfield code="g">720.00</subfield>
    <subfield code="h">17733</subfield>
    <subfield code="l">1</subfield>
    <subfield code="o">621.381 LUC</subfield>
    <subfield code="p">000028742</subfield>
    <subfield code="r">2025-07-15 00:00:00</subfield>
    <subfield code="s">2018-01-03</subfield>
    <subfield code="v">900.00</subfield>
    <subfield code="y">BB</subfield>
  </datafield>
</record>
